000 00517nam a2200193Ia 4500
005 20250923145657.0
008 008 250917s9999 xx 000 0 eng d
037 _aTextual
040 _aDSWL
_beng
_cDSWL
041 _aeng
_2eng
084 _aQ:g, N82
_qDSWL
245 0 _aApproaching world religions
_cEd. by R. Jackson
260 _aLondon
_bJohn Murray
_c1982
300 _axiii,196 p.
365 _aGBP
_b4.75
925 _g4.75
942 _cTEXL
_hQ:g, N82
999 _c1454249
_d1454249